000
00249nam a2200109Ia 4500
008
190216s9999||||xx |||||||||||||| ||und||
100
_a
Bharathi Amma K K
245
0
_a
Thamarakulam
260
_b
Sree Buddha Pub
650
_a
Kavithakal
942
_c
BK
999
_c
25093
_d
25093